Trivia Trail - Pokémon #2 - Statistics

General Stats
  • This quiz has been taken 34 times
  • The average score is 18 of 30
Answer Stats
Hint Answer % Correct
Eevee evolves into this Pokémon with a Fire Stone Flareon
100%
Leon's ace Charizard
88%
Formed by the mutation of a space virus Deoxys
88%
Sinnoh's fully-evolved Fire starter Infernape
88%
See quiz thumbnail Jigglypuff
88%
Gorebyss's sharp-toothed counterpart Huntail
85%
Will teleport away if approached from the front in Let's Go Pikachu/Eevee Abra
81%
It starts battles in its Ice Face form Eiscue
81%
The Sword of Justice that has a Resolute Form Keldeo
81%
Has three different forms it can be depending on the time of day at which it evolved Lycanroc
81%
You help Wally catch this Pokémon in the Hoenn games Ralts
81%
A Paldean Pokémon who physically heavily resembles Tentacruel Toedscruel
77%
Capable of changing its stance depending on which moves it uses Aegislash
73%
Holds the unique typing of Rock/Dark Tyranitar
69%
Encounterable on the Driftveil Drawbridge Ducklett
65%
Capable of using the move Instruct Oranguru
62%
The first Pokémon revealed to be owned by Ash's rival Paul in the anime Elekid
58%
The lone unevolved Generation 6 Bug-type Scatterbug
58%
Previously endangered, poaching restrictions have meant there is now an overabundance of them Lapras
54%
The only Pokémon to have a stat not calculated by the standard formula Shedinja
54%
Their enormous ears can emit ultrasonic waves of 200,000 hertz Noibat
50%
When there are two or more, an odd power is said to emerge Unown
50%
The "Ogre Darner" Pokémon Yanmega
38%
Able to learn both Horn Drill and Fissure Excadrill
35%
Can team up with Arven in Pokémon Masters EX, starting December 1st 2024 Nacli
35%
The non-Legendary, non-Mythical, non-pseudo-legendary Pokémon with a base stat total of 600 Archaludon
31%
The boss of the Amp Plains in Pokémon Mystery Dungeon: Explorers of Time and Darkness Luxray
31%
The only fully-evolved Pokémon to need only one loop to capture in Pokémon Ranger Ninjask
31%
In Sword and Shield, the logo for the Poké Job company Mach Motors resembles this Pokémon Garchomp
15%
The leaves on its head are said to reduce stress Pansage
8%
No matching quizzes found
Score Distribution
Percent of People with Each Score
Percentile by Number Answered
Your Score History
You have not taken this quiz